000 00650nam a2200241Ia 4500
003 OSt
005 20220912144957.0
006 a|||||r|||| 00| 0
007 ta
008 220909b |||||||| |||| 00| 0 eng d
024 _a75939
037 _cTextual
040 _aCSL
_beng
_cCSL
041 _aeng
082 _aC84p1,N81, M1
111 _aColloquium on CMEA: Energy (1981 : Brussels)
245 0 _aProceeding on CMEA: Energy 1981
260 _aNew tonville
_bOriental Research Pertners
_c1981
300 _avii,329p.
_ccm.
650 _aPhysics
942 _hC84p1,N81, M1
_cTEXL
_2CC
999 _c20023
_d20023